000 00449nam a22001817a 4500
003 koha_MIRAKIL
005 20231213095438.0
008 231213b |||||||| |||| 00| 0 ||| d
020 _b9-75494344-3
040 _aTR-IsEVY
_btur
_cTR-IsEVY
082 _a810 ESE/M
100 _aESENDAL, MEMDUH ŞEVKET.
245 0 _aMENDİL ALTINDA.
260 _bBİLGİ YAYINEVİ,
_c2009
300 _a244.
650 _aTürk Edebiyatı.
942 _2ddc
_cBK
999 _c3756
_d3756